Colors of the Rainbow High Characters - Statistics

General Stats
  • This quiz has been taken 210 times
    166 since last reset
  • The average score is 11 of 26
Answer Stats
Hint Answer % Correct
Amaya Raine Rainbow
87%
Bella Parker Pink
78%
Jade Hunter Green
65%
Violet Willow Purple
61%
Poppy Rowan Orange
59%
Daphne Minton Mint
58%
Ruby Anderson Red
57%
Sunny Madison Yellow
55%
Skyler Bradshaw Blue
54%
Daria Roselyn Rose
49%
Brianna Dulce Bubblegum pink
46%
Georgia Bloom Peach
46%
Gabriella Icely Ice
45%
Marisa Golding Gold and Black
39%
Krystal Bailey Indigo
38%
River Kendall Teal
36%
Karma Nichols Neon Green
35%
Margot de Pearla Pearl
34%
Harper Dune Sand
34%
Emi Vanda Orchid
29%
Stella Monroe Fuschia
25%
Sheryl Meyers Marigold
25%
Phaedra Westward Sunset
25%
Simone Summers Sunrise
23%
Robin Sterling Robin's Egg Blue
21%
Hali Capri Aquamarine
20%
No matching quizzes found
Score Distribution
Percent of People with Each Score
Percentile by Number Answered
Your Score History
You have not taken this quiz since the last reset